[Event "Bergen Sommer Super-NGP 2019"]
[Site "USF Sardinen, Verftet, Bergen"]
[Date "2019.08.01"]
[Round "9"]
[White "Turova, Irina"]
[Black "Mihajlov, Sebastian"]
[Result "1/2-1/2"]
[WhiteElo "2418"]
[BlackElo "2375"]
[PlyCount "53"]
[EventDate "2019.??.??"]

1. d4 Nf6 2. Nf3 c5 3. c4 cxd4 4. Nxd4 Nc6 5. Nc3 d6 6. g3 g6 7. Bg2 Bd7 8. O-O
Bg7 9. e3 O-O 10. b3 Nxd4 11. exd4 Bc6 12. d5 Bd7 13. Be3 a6 14. Rc1 b5 15. c5
Ng4 16. Bd4 Bxd4 17. Qxd4 dxc5 18. Qxc5 Rc8 19. Qd4 Qc7 20. Ne2 Qd6 21. b4 Ne5
22. Rc5 Nc4 23. a4 Rb8 24. axb5 axb5 25. Rd1 Rfd8 26. Nc3 Qa6 27. Bf1 1/2-1/2

[Event "Bergen Sommer Super-NGP 2019"]
[Site "USF Sardinen, Verftet, Bergen"]
[Date "2019.08.01"]
[Round "9"]
[White "Eriksen, Lars Erik"]
[Black "Martinsen, Stig K"]
[Result "0-1"]
[WhiteElo "1896"]
[BlackElo "2177"]
[PlyCount "50"]
[EventDate "2019.??.??"]

1. e4 d6 2. d4 Nf6 3. Nc3 g6 4. g3 Bg7 5. Bg2 O-O 6. Nge2 Nbd7 7. O-O c5 8. h3
Rb8 9. Be3 b6 10. f4 Bb7 11. e5 Ne8 12. Bxb7 Rxb7 13. exd6 exd6 14. f5 Nef6 15.
g4 Re8 16. Bg5 h6 17. Bh4 g5 18. Bg3 d5 19. Nb5 Ne4 20. c3 Nxg3 21. Nxg3 Nf6
22. Qd2 a6 23. Na3 Qd6 24. Kg2 Qxg3+ 25. Kxg3 Ne4+ 0-1

[Event "Bergen Sommer Super-NGP 2019"]
[Site "USF Sardinen, Verftet, Bergen"]
[Date "2019.08.01"]
[Round "9"]
[White "Fossan, Aleksander"]
[Black "Frisvold, Ole Emil"]
[Result "1-0"]
[WhiteElo "2155"]
[BlackElo "2127"]
[PlyCount "55"]
[EventDate "2019.??.??"]

1. e4 c5 2. c3 Nf6 3. e5 Nd5 4. d4 cxd4 5. Nf3 Nc6 6. cxd4 d6 7. Bc4 Nb6 8. Bb5
dxe5 9. Nxe5 Bd7 10. Nxd7 Qxd7 11. Nc3 e6 12. O-O Rd8 13. Be3 Be7 14. Qb3 Nd5
15. Nxd5 exd5 16. Rac1 O-O 17. Qa4 f5 18. Bxc6 bxc6 19. Qxc6 Bf6 20. Qxd7 Rxd7
21. g3 g5 22. Rfd1 Re8 23. Rc6 Kf7 24. Kg2 Re4 25. b3 f4 26. gxf4 gxf4 27. Bc1
Rxd4 28. Rxf6+ 1-0

[Event "Bergen Sommer Super-NGP 2019"]
[Site "USF Sardinen, Verftet, Bergen"]
[Date "2019.08.01"]
[Round "9"]
[White "Fossan, Benjamin"]
[Black "HÃ¸lleland, Sigve"]
[Result "1/2-1/2"]
[WhiteElo "1924"]
[BlackElo "2092"]
[PlyCount "98"]
[EventDate "2019.??.??"]

1. e4 c5 2. Nf3 d6 3. Bb5+ Bd7 4. Bxd7+ Qxd7 5. c4 e5 6. Nc3 Nc6 7. d3 Nge7 8.
O-O g6 9. Ne1 f5 10. f4 Bg7 11. Nc2 O-O 12. Be3 Nd4 13. Nd5 Nxd5 14. cxd5 Nxc2
15. Qxc2 fxe4 16. dxe4 Qg4 17. h3 Qh5 18. Rf3 exf4 19. Bxf4 Bd4+ 20. Kh1 Rf6
21. Raf1 Raf8 22. g4 Qh4 23. Kg2 g5 24. Bxd6 Rxf3 25. Rxf3 Rxf3 26. Kxf3 Qxh3+
27. Bg3 h5 28. gxh5 g4+ 29. Kf4 Qxh5 30. Qg2 Kf7 31. e5 Bxe5+ 32. Ke4 Bd4 33.
Qf1+ Bf6 34. d6 Qg6+ 35. Ke3 Qg5+ 36. Ke4 Qg6+ 37. Ke3 Kf8 38. Kd2 Qf7 39. Kc2
Ke8 40. Qf5 Qc4+ 41. Kb1 Qd4 42. Qc8+ Kf7 43. Qxb7+ Kg6 44. Qb3 c4 45. Qc2+ Kg7
46. Qe2 a6 47. a3 Kf8 48. d7 Qxd7 49. Qxc4 Qd1+ 1/2-1/2

[Event "Bergen Sommer Super-NGP 2019"]
[Site "USF Sardinen, Verftet, Bergen"]
[Date "2019.08.01"]
[Round "9"]
[White "Mansoor, Afras"]
[Black "Fossan, Andreas"]
[Result "0-1"]
[WhiteElo "1991"]
[BlackElo "2023"]
[PlyCount "81"]
[EventDate "2019.??.??"]

1. c4 c6 2. d4 d5 3. Nf3 Nf6 4. Nc3 dxc4 5. a4 Bf5 6. e3 e6 7. Bxc4 Bb4 8. O-O
Nbd7 9. Qe2 Bg6 10. Rd1 O-O 11. Ne5 Nxe5 12. dxe5 Nd7 13. Na2 Be7 14. b4 Qc7
15. f4 Nb6 16. Bb3 Nd5 17. Bd2 Rfd8 18. Rac1 a6 19. a5 f5 20. exf6 Bxf6 21. Rf1
Rf8 22. f5 Bf7 23. fxe6 Bxe6 24. e4 Qe5 25. Kh1 Bf7 26. Rc5 Rae8 27. Bxd5 Bxd5
28. Nc3 Qb8 29. Nxd5 cxd5 30. Rxd5 Be5 31. g3 Rxf1+ 32. Qxf1 Rf8 33. Qc4 Kh8
34. Qc5 Bc7 35. Rd7 Be5 36. Qd5 Bxg3 37. Bc3 Rg8 38. Bxg7+ Rxg7 39. Rd8+ Qxd8
40. Qxd8+ Rg8 41. Qd4+ 0-1

[Event "Bergen Sommer Super-NGP 2019"]
[Site "USF Sardinen, Verftet, Bergen"]
[Date "2019.08.01"]
[Round "9"]
[White "Hina, Ariza"]
[Black "SÃ¸rensen, Simen"]
[Result "0-1"]
[WhiteElo "1651"]
[BlackElo "1979"]
[PlyCount "110"]
[EventDate "2019.??.??"]

1. e4 c5 2. Nc3 e6 3. f4 a6 4. Nf3 Nc6 5. Be2 d5 6. d3 Nf6 7. O-O Be7 8. Kh1
O-O 9. e5 Nd7 10. d4 b5 11. Be3 Bb7 12. a3 cxd4 13. Nxd4 Nxd4 14. Bxd4 Nc5 15.
b4 Ne4 16. Nxe4 dxe4 17. c3 Qd7 18. Qd2 Rfd8 19. Qe3 Qc6 20. Rfe1 Rdc8 21. Bd1
a5 22. Bb3 axb4 23. axb4 Ra6 24. Rxa6 Qxa6 25. Bc2 Bxb4 26. cxb4 Rxc2 27. Ra1
Qc6 28. Bc5 Qd5 29. h3 h6 30. Ra7 Qd1+ 31. Qg1 Qxg1+ 32. Kxg1 Bd5 33. Ra5 e3
34. Bxe3 Rxg2+ 35. Kf1 Rb2 36. Bc5 Kh7 37. Kg1 Bc4 38. Ra7 Kg6 39. h4 h5 40.
Rd7 f6 41. Bf8 fxe5 42. Rxg7+ Kf5 43. fxe5 Kxe5 44. Rg5+ Kf4 45. Rxh5 Kg3 46.
Rg5+ Kxh4 47. Rg2 Rb1+ 48. Kh2 Bd5 49. Be7+ Kh5 50. Rg5+ Kh6 51. Rg1 Rb3 52.
Rg3 Rb2+ 53. Kh3 Be4 54. Kg4 Rf2 55. Bc5 Bf5+ 0-1

[Event "Bergen Sommer Super-NGP 2019"]
[Site "USF Sardinen, Verftet, Bergen"]
[Date "2019.08.01"]
[Round "9"]
[White "Evenshaug, Amadeus Hestvik"]
[Black "FlatebÃ¸, Hallvard Haug"]
[Result "0-1"]
[WhiteElo "1769"]
[BlackElo "1857"]
[PlyCount "150"]
[EventDate "2019.??.??"]

1. e4 c5 2. Nf3 d6 3. d4 cxd4 4. Nxd4 Nf6 5. Nc3 a6 6. Be3 e6 7. Be2 Be7 8. O-O
O-O 9. f3 b5 10. a3 Bb7 11. Qd2 Nbd7 12. Rad1 Rc8 13. Rfe1 Qc7 14. Bf2 Ne5 15.
Nb3 Nc4 16. Bxc4 Qxc4 17. Na5 Qc7 18. Nxb7 Qxb7 19. Bd4 Rfd8 20. Qf2 b4 21.
axb4 Qxb4 22. Nb1 d5 23. c3 Qb7 24. exd5 Rxd5 25. Bxf6 Bxf6 26. Rxd5 Qxd5 27.
Nd2 Be7 28. Kh1 Bc5 29. Qe2 Qb7 30. Ne4 Be7 31. Ra1 Rc6 32. h3 h6 33. Qd2 Rb6
34. b4 Rc6 35. Qd3 f5 36. Nc5 Bxc5 37. bxc5 Rxc5 38. Rxa6 Rxc3 39. Qd8+ Kf7 40.
Ra8 Rc1+ 41. Kh2 Qc7+ 42. Qxc7+ Rxc7 43. Kg3 e5 44. Ra6 g6 45. Rb6 Re7 46. Kf2
Re6 47. Rb8 g5 48. Ke3 Ra6 49. Rb3 Rd6 50. g3 h5 51. Rb7+ Kf6 52. Rh7 f4+ 53.
gxf4 gxf4+ 54. Ke2 Kg5 55. Rh8 Kh4 56. Re8 Rd5 57. Rh8 Ra5 58. Rh7 Ra3 59. Rh8
Kg3 60. Rxh5 Re3+ 61. Kf1 Kxf3 62. h4 e4 63. Ra5 Rc3 64. Ra1 Kg4 65. Ra4 Re3
66. Ra8 Rh3 67. Rg8+ Kf3 68. Ke1 e3 69. Rg1 Rxh4 70. Rf1+ Ke4 71. Ke2 f3+ 72.
Ke1 Kd3 73. Rxf3 Rh1+ 74. Rf1 Rxf1+ 75. Kxf1 Kd2 0-1

[Event "Bergen Sommer Super-NGP 2019"]
[Site "USF Sardinen, Verftet, Bergen"]
[Date "2019.08.01"]
[Round "9"]
[White "Johannessen, Heine N"]
[Black "Sivertsen, Jarle"]
[Result "1/2-1/2"]
[WhiteElo "1743"]
[BlackElo "1605"]
[PlyCount "94"]
[EventDate "2019.??.??"]

1. d4 d5 2. Nf3 Nf6 3. c4 e6 4. Nc3 c6 5. Bg5 Be7 6. e3 O-O 7. Qc2 h6 8. Bh4
Nbd7 9. Rd1 Re8 10. a3 a5 11. c5 Qc7 12. Bg3 Qd8 13. Bd3 b6 14. b4 axb4 15.
axb4 bxc5 16. bxc5 Ba6 17. O-O Bxd3 18. Qxd3 Nh5 19. Be5 f6 20. Bg3 Nxg3 21.
hxg3 e5 22. Qc2 Qc7 23. Rb1 Reb8 24. Rxb8+ Qxb8 25. Rb1 Qc7 26. Rb3 Bf8 27. Qb2
exd4 28. exd4 Rb8 29. Na4 Rxb3 30. Qxb3 g6 31. Ne1 Kf7 32. Nd3 f5 33. Nb6 Bg7
34. Qb2 Bf6 35. f4 Nf8 36. Ne5+ Bxe5 37. fxe5 Qa7 38. Nc8 Qa4 39. Nd6+ Ke7 40.
Kh2 Qd1 41. Qb7+ Nd7 42. Qb2 Nf8 43. Qb4 Qh5+ 44. Kg1 Qd1+ 45. Kf2 Qc2+ 46. Kf1
Qd1+ 47. Kf2 Qc2+ 1/2-1/2

[Event "Bergen Sommer Super-NGP 2019"]
[Site "USF Sardinen, Verftet, Bergen"]
[Date "2019.08.01"]
[Round "9"]
[White "Rynning, Rune Kleiven"]
[Black "Simonsen, Martin Haaland"]
[Result "0-1"]
[WhiteElo "1620"]
[BlackElo "1615"]
[PlyCount "90"]
[EventDate "2019.??.??"]

1. e4 c5 2. Nf3 d6 3. d4 cxd4 4. Nxd4 Nf6 5. Nc3 a6 6. Bg5 e6 7. f4 Be7 8. Qf3
O-O 9. O-O-O Qc7 10. g4 Nc6 11. Nxc6 bxc6 12. e5 dxe5 13. Bxf6 Bxf6 14. g5 Be7
15. Ne4 exf4 16. Bd3 Qe5 17. Rhe1 Bxg5 18. Qh5 h6 19. Rg1 g6 20. Qg4 f5 21. Qf3
fxe4 22. Bxe4 Rb8 23. c3 Kf7 24. h4 Bxh4 25. Bxg6+ Ke7 26. Qxc6 Bg5 27. Rge1
Qb5 28. Qd6+ Kf6 29. Qxf8+ Kxg6 30. Qg8+ Kf5 31. Qf7+ Kg4 32. Rg1+ Kh4 33. Rh1+
Kg3 34. Rh3+ Kxh3 35. Qh5+ Kg3 36. Rg1+ Kf2 37. Qh2+ Ke3 38. Re1+ Kf3 39. Qh1+
Kg4 40. Qg2+ Kf5 41. Qe4+ Kf6 42. Qd4+ Kg6 43. c4 Qf5 44. Kd1 f3 45. Re4 f2 0-1

[Event "Bergen Sommer Super-NGP 2019"]
[Site "USF Sardinen, Verftet, Bergen"]
[Date "2019.08.01"]
[Round "9"]
[White "Myren, Matias"]
[Black "Johannessen, Theo N"]
[Result "1/2-1/2"]
[WhiteElo "1483"]
[BlackElo "1504"]
[PlyCount "53"]
[EventDate "2019.??.??"]

1. e4 c5 2. Nc3 g6 3. f4 Bg7 4. Nf3 Nc6 5. Bb5 Nd4 6. O-O Nxb5 7. Nxb5 a6 8.
Nc3 e6 9. d3 Ne7 10. a4 d5 11. Qe1 O-O 12. Qh4 Nc6 13. Qh3 Nd4 14. Nxd4 cxd4
15. Ne2 Qc7 16. e5 Qxc2 17. Nxd4 Qc7 18. Be3 Bd7 19. Rac1 Bc6 20. Nxc6 bxc6 21.
Bc5 Rfe8 22. d4 Bf8 23. Qa3 Qb7 24. Rf2 Bxc5 25. Rxc5 Rec8 26. Rfc2 Rc7 27. Qc3
1/2-1/2